000 00473nam a2200205Ia 4500
999 _c13248
_d13248
003 0100
005 20180301153043.0
008 130303s9999 xx 000 0 und d
020 _a521321824
040 _cARRUPELIB
050 _aDT865.M35W441987
100 _aWhite, Landeg
_930372
245 _aMagomero:
_bportrait of an African village /
260 _aCambridge
_bCambridge University Press
_c1987
300 _a271p.
300 _b 24cm.
650 _aMagomero (Malawi)
_xHistory
_940082
942 _2lcc
_cMONOGRAPH